| 000 | 01114nam0a2200289 4500 | ||
|---|---|---|---|
| 001 | RU\NLR\ONL1\20345 | ||
| 005 | 20251118181817.2 | ||
| 035 | _a(NLR Aleph) 010206069 | ||
| 090 |
_a10252476 _c10252476 |
||
| 100 | _a20120920d1935 k y0rusy50 ca | ||
| 101 | 0 | _akom | |
| 102 | _aRU | ||
| 105 | _ay ||||||||| | ||
| 200 | 1 |
_aВöр промышленностлöн да вöр овмöслöн могъяс _eвойыв крайын наркомлесса старшöй инспекторлöн советъяс краувса III cъезд вылын доклад (живой запис cерти) _fС. А. Соболев |
|
| 210 |
_aСыктывкар _cКоми госиздат _d1935 |
||
| 215 |
_a26 с. _d17 |
||
| 541 | 1 |
_aЗадачи лесной промышленности и лесного хозяйства _zrus |
|
| 686 | 1 | _aУ9(2)305.1 | |
| 686 | 1 | _aУ9(2)341 | |
| 700 | 1 |
_aСоболев _bС. А. _4070 |
|
| 801 | 0 |
_aRU _bNLR _c20120920 _gPSBO |
|
| 852 |
_aNLR _bОНЛ _jКоми-з./2-1208 |
||
| 899 | _aНБ | ||
| 942 | _cBOOK | ||
| 980 | _aNB | ||